000 01194nam a22003377a 4500
003 CHAP
005 20220817044418.0
008 110114s1988 mx r 00010 spa d
010 _a100248
011 _a101220
035 _a111907
040 _cCHAP
090 _aTesis
100 0 0 _aCastro Ramírez, Adriana Elena.
_920413
245 1 0 _aEstudio comparativo del conocimiento sobre plantas medicinales utilizdas por dos grupos etnicos del municipio de Pahuatlan, Puebla
_c/por Adriana Elena Castro Ramírez
260 _aMéxico, D.F. :
_bEl autor,
_c1988
502 _aTesis (Biólogo) -- UNAM. ENEP. Iztacala
590 _aALEPH
_b10
_c20130110
_lUCH01
_h1538
590 _aBATCH-UPD
_b10
_c20130110
_lUCH01
_h1456
590 _aBATCH-UPD
_b10
_c20130410
_lUCH01
_h0920
590 _aBATCH-UPD
_b10
_c20130914
_lUCH01
_h0726
590 _aCONVERSION
_b10
_c20130109
_lUCH01
_h1355
650 1 4 _aBotanica medica
_xPuebla.
_914448
650 1 4 _aConocimiento, Teoría del.
_927232
650 1 4 _aEcosistema.
_935290
650 1 4 _aNahuas.
650 1 4 _aOtomíes (Indios)
_984334
901 _aBK
942 _cTESIS
949 _aTesis
_bBC
_cTES
_d33724002230090
_eTS1
_gDonaciØn
_h51737
_i111907
_sb
999 _c100248
_d100248